Lengua castellana y literatura : 3º Secundaria

Gespeichert in:
Bibliographische Detailangaben
Weitere Verfasser: Bouza Álvarez, María Teresa Quilis, Antonio
Format: Buch
Sprache:Spanisch
Erschienen: San Fernando de Henares, Madrid : Oxford University Press España, 2001
Katalog:MANES:  Suchergebnis im Bibliothekskatalog
Schulbuchspezifische Eigenschaften:
Tags: Tag hinzufügen
Keine Tags, Fügen Sie den ersten Tag hinzu!
Hinzugefügt zu:09.02.2019
Geändert in:07.05.2025

MARC

LEADER 00000cam a2200000 i 4500
005 20250507134505.0
008 190210s2001 espao fp 000 0 spa d
020 |a 8481041246 
040 |a uned  |b spa  |c entro-manes 
245 0 0 |a Lengua castellana y literatura :   |b 3º Secundaria /   |c autores, Mª Teresa Bouza ... [et al.] ; asesoría y revisión técnica, Antonio Quilis 
260 |a San Fernando de Henares, Madrid :   |b Oxford University Press España,   |c 2001 
300 |a 323 p. :   |b il. 
546 |a España 
561 |5 es-BUNED  |3 L.T.M. 1888  |a España. Fondo Manes UNED  |k MANES 
690 0 |a LEN 
700 1 |a Bouza Álvarez, María Teresa  |9 39374  |a Quilis, Antonio  |9 39375 
942 |2 ddc  |c BK 
999 |c 95652  |d 95652 
999 |c manes:95652  |d 95652